| 000 | 00966nas a2200337 4500 | ||
|---|---|---|---|
| 001 | BR2015000860 | ||
| 003 | BR-BrBNA | ||
| 005 | 20231205125120.0 | ||
| 007 | ta | ||
| 008 | 230509b bl.|||p| |||| 00| 00por d | ||
| 040 |
_aBR-BrBNA _bpor _cBiblioteca Nacional de Agricultura |
||
| 041 | _a(En) | ||
| 072 | _aF01; V10 | ||
| 100 | 1 | _aAcunha, J.G. | |
| 100 | 1 | _aOliveira, R.A. | |
| 100 | 1 | _aZeviani, W.M. | |
| 100 | 1 | _aPeternelli, L.A. | |
| 100 | 1 | _aFilho, J.C.B. | |
| 100 | 1 | _aDaros, E. | |
| 100 | 1 | _a | |
| 245 | 1 | _aSuficiência amostral para a estimação da produção de cana-de-açucar | |
| 650 | _aCANA DE AÇUCAR | ||
| 650 | _aPRODUÇÃO VEGETAL | ||
| 650 | _aAMOSTRAGEM | ||
| 650 | _aCOLMO | ||
| 650 | _aPARCELA EXPERIMENTAL | ||
| 650 | _aMODELO MATEMÁTICO | ||
| 773 | 0 |
_tCiência Rural (Brazil) _xISSN 0103-8478 _g(Oct. 2014), v. 44(10) p.1747-1754 _wBR2015000860 |
|
| 909 |
_a202311 _bLúcia _c55 _dLúcia Elande |
||
| 942 |
_2AGRIS _n0 _cANA |
||
| 999 |
_c242715 _d242715 |
||